Polskie bajki - Statystyki

Ogólne statystyki
  • Ten quiz został rozwiązany 275 razy
    263 od ostatniego zresetowania
  • Średni wynik to 5 z 43
Statystyki odpowiedzi
Bajka % Poprawnych
Bolek i Lolek (1963–1986)
95%
Reksio (1967–1990)
95%
Miś Uszatek (1975–1987)
63%
Zaczarowany ołówek (1963-1977)
51%
Przygody kota Filemona (1977-1981)
33%
Pomysłowy Dobromir (1973-1975)
28%
Porwanie Baltazara Gąbki (1969–1970)
23%
Przygód kilka wróbla Ćwirka (1983-1989)
16%
Dziwne przygody Koziołka Matołka (1969-1971)
13%
Plastusiowy pamiętnik (1980)
10%
Pampalini łowca zwierząt (1975–1980)
9%
Przygody Misia Colargola (1968-1974)
6%
Ferdynand Wspaniały (1975–1977)
5%
Mały pingwin Pik-Pok (1989–1992)
5%
Maurycy i Hawranek (1986–1990)
5%
Opowiadania Muminków (1977–1982)
5%
Proszę słonia (1968)
5%
Kuba i Śruba (2011-2016)
4%
Miś Fantazy (2006-2008)
4%
Wyprawa Profesora Gąbki (1978–1980)
4%
Kangurek Hip-Hop (1975–1983)
3%
Miś Kudłatek (1971–1973)
3%
Podróże kapitana Klipera (1986–1990)
3%
Dziwny świat kota Filemona (1972-1974)
2%
Lis Leon (1981–1984)
2%
Lis Leon II (1992-1993)
2%
Między nami bocianami (1997–2003)
2%
O dwóch takich, co ukradli księżyc (1984-1989)
2%
Pamiętnik Florki (2014)
2%
Parauszek i przyjaciele (2013–2014)
2%
Plastelinki (1980–1990)
2%
Trzy misie (1982–1986)
2%
Jeż Kleofas (1987–1988)
1%
Karrypel kontra Groszki (1995–1996)
1%
Kolorowy świat Pacyka (1981–1990)
1%
Leśne skrzaty i kaczorek Feluś (1982–1985)
1%
Marceli Szpak dziwi się światu (1984–1986)
1%
Mordziaki (1993–2000)
1%
Przygody Błękitnego Rycerzyka (1963–1965)
1%
Przygody Myszki (1976-1983)
1%
Sceny z życia smoków (1996–1997)
1%
W krainie czarnoksiężnika Oza (1983-1989)
1%
Bajki Pana Bałagana (1993)
0%
Nie znaleziono quizów pasujących do podanych kryteriów
Rozkład punktacji
Procent ludzi z każdym wynikiem
Percentyl według liczby udzielonych odpowiedzi
Twoja historia wyników
Nie rozwiązałeś tego quizu od ostatniego zresetowania